| 000 | 00750nam a2200265Ia 4500 | ||
|---|---|---|---|
| 003 | OSt | ||
| 005 | 20220925203641.0 | ||
| 006 | a|||||r|||| 00| 0 | ||
| 007 | ta | ||
| 008 | 220923b |||||||| |||| 00| 0 eng d | ||
| 037 | _cGeneral Book | ||
| 040 |
_aRTL _cRTL _beng |
||
| 041 |
_2eng _aeng |
||
| 082 | _aX:328, L5:M7 | ||
| 100 |
_aBaumback Clifford M _9266698 |
||
| 245 | 0 | _aEnterpreneurship and venture management | |
| 250 | _a2nd | ||
| 260 |
_aEnglewood _bCliff _c1987 |
||
| 300 |
_aviii,452p _ccm. |
||
| 500 | _aAppendix:p403-46 | ||
| 650 |
_aProfit _9242872 |
||
| 700 |
_a Mancuso Joseph R _9266699 |
||
| 942 |
_hX:328, L5:M7 _cGB _2CC |
||
| 999 |
_c547296 _d547296 |
||